000 00542nam a2200181 i 4500
001 48961
003 ES-MaACL
005 20230906161844.0
007 t|
008 030703s1973 sp ||||1| spa d
100 1 _aCornejo Aizperrutia, Juan.
_940612
245 1 3 _aEl cacahuete /
_cpor Juan Cornejo Aizperrutia y Carlos García Gisbert.
250 _a2ª ed.
260 _aMadrid :
_bExtensión Agraria,
_c1973.
300 _a103 p. :
_bil. ;
_c19 cm.
700 1 _aGarcía Gisbert, Carlos.
_954686
852 _aES-MaACL
_jC-55315
_bR.87832
999 _c48961
_d48961